Statystyki dla Największe miasto według rzeki

Kliknij tutaj aby rozwiązać quiz!

Ogólne statystyki

  • Ten quiz został rozwiązany 6 153 razy
  • Średni wynik to 8 z 21

Statystyki odpowiedzi

RzekaMiasto% Poprawnych
NilKair
91%
WisłaWarszawa
88%
SekwanaParyż
82%
TamizaLondyn
77%
OdraWrocław
73%
DnieprKijów
63%
DunajBudapeszt
62%
TyberRzym
48%
JangcySzanghaj
46%
TygrysBagdad
35%
KongoKinszasa
35%
La PlataBuenos Aires
34%
NewaPetersburg
23%
Św. WawrzyńcaMontreal
19%
LoaraNantes
13%
HanSeul lub Wuhan
12%
MissouriSt. Louis
10%
MissisipiMinneapolis
7%
KolumbiaPortland
5%
Rio GrandeJuarez
4%
IndusHajdarabad
3%

Rozkład punktacji

Percentyl według liczby udzielonych odpowiedzi

Procent ludzi z każdym wynikiem

Twoja historia wyników

Nie rozwiązałeś tego quizu